000
00340nam a2200145Ia 4500
008
191201s2010 xx 000 0 und d
020
_a
9789332542525
100
_a
MORRISMANO, M
245
0
_a
Digital Logic and Computer Design
250
_a
Rev
260
_c
2010
_b
Pearson
_a
N. Delhi
300
_a
612
650
_a
MCA
942
_2
ddc
_c
BB
999
_c
7378
_d
7378